| 000 | 01291cam a22003974a 4500 | ||
|---|---|---|---|
| 001 | 11811227 | ||
| 003 | GZU | ||
| 005 | 20260423103857.0 | ||
| 008 | 991015s2000 mau 001 0 eng c | ||
| 010 | _a 99053900 | ||
| 020 |
_a0750696877 _qpbk. : alk. paper |
||
| 020 |
_a9780750696876 _q(pbk. : alk. paper) |
||
| 022 | _a. | ||
| 035 | _a11811227 | ||
| 035 | _a(DNLM)100898287 | ||
| 040 |
_aDNLM/DLC _cDLC _dGZULib _beng _erda |
||
| 042 | _apcc | ||
| 050 | 0 | 0 |
_aRC547 _b.CHO 2000 |
| 100 | 1 |
_aChokroverty, Sudhansu. _eauthor |
|
| 245 | 1 | 0 |
_aClinical companion to Sleep disorders medicine, second edition / _cSudhansu Chokroverty. |
| 260 |
_aBoston : _bButterworth-Heinemann, _cc2000. |
||
| 300 |
_avii, 224 pages ; _c24 cm. |
||
| 336 |
_atext _btxt _2rdacontent |
||
| 337 |
_aunmediated _bn _2rdamedia |
||
| 338 |
_avolume _bnc _2rdacarrier |
||
| 500 | _aCompanion volume to: Sleep disorders medicine / edited by Sudhansu Chokroverty. 2nd ed. c1999. | ||
| 500 | _aIncludes index. | ||
| 505 | _a. | ||
| 520 | _a. | ||
| 650 | 0 | _aSleep disorders. | |
| 650 | 1 | 2 | _aSleep Disorders. |
| 650 | 2 | 2 |
_aSleep _xphysiology. |
| 730 | 0 | _aSleep disorders medicine. | |
| 856 | 4 | 2 |
_3Book review (E-STREAMS) _uhttp://www.e-streams.com/es0503/es0503_1785.htm |
| 942 |
_2lcc _cBK _h547 _iCHO _kRC |
||
| 999 |
_c11767 _d11767 |
||